000 00737cab a2200241 4500
001 WB3511-20
008 090401t1999 xxu||||| |||| 00| 0 eng d
035 _a(Sirsi) u92141
041 _aeng
245 _aNew wayleave payment rates
260 _c1999
350 _a0
490 _aEstates and Wayleaves Committee Press Release
_v1 April 1999 (4)
520 _aProvides the new rates for wayleave payments, which will apply from April 1999 to March 2000.
650 _aELECTRICITY LINES
650 _aELECTRICITY PYLONS
650 _aESTATES AND WAYLEAVES COMMISSION
650 _aOVERHEAD POWER LINES
650 _aWAYLEAVE RATES
690 _aHIGHWAYS RIGHTS OF WAY AND EASEMENTS
942 _n0
948 _c17/03/1999
999 _c58414
_d58414